header

Make it real : (Record no. 265242)

MARC details
000 -LEADER
fixed length control field 01507cam a22003974a 4500
001 - CONTROL NUMBER
control field 12875549
003 - CONTROL NUMBER IDENTIFIER
control field OSt
005 - DATE AND TIME OF LATEST TRANSACTION
control field 20251118084059.0
008 - FIXED-LENGTH DATA ELEMENTS--GENERAL INFORMATION
fixed length control field 020730s2002 nhua b 000 0 eng
010 ## - LIBRARY OF CONGRESS CONTROL NUMBER
LC control number 2002027515
020 ## - INTERNATIONAL STANDARD BOOK NUMBER
International Standard Book Number 0325005370
Qualifying information pbk.
International Standard Book Number 9780325005379
Qualifying information (pbk.)
035 ## - SYSTEM CONTROL NUMBER
System control number 12875549
040 ## - CATALOGING SOURCE
Original cataloging agency DLC
Transcribing agency DLC
Modifying agency DLC
042 ## - AUTHENTICATION CODE
Authentication code pcc
050 00 - LIBRARY OF CONGRESS CALL NUMBER
Classification number LB1576
Item number .H69 2002
082 00 - DEWEY DECIMAL CLASSIFICATION NUMBER
Classification number 372.6
Edition number 21
100 1# - MAIN ENTRY--PERSONAL NAME
Personal name Hoyt, Linda.
245 10 - TITLE STATEMENT
Title Make it real :
Remainder of title strategies for success with informational texts /
Statement of responsibility, etc Linda Hoyt.
260 ## - PUBLICATION, DISTRIBUTION, ETC. (IMPRINT)
Place of publication, distribution, etc Portsmouth, NH :
Name of publisher, distributor, etc Heinemann,
Date of publication, distribution, etc c2002.
300 ## - PHYSICAL DESCRIPTION
Extent ix, 319 p. :
Other physical details ill. ;
Dimensions 28 cm.
336 ## - CONTENT TYPE
Content type term text
Content type code txt
Source rdacontent
337 ## - MEDIA TYPE
Media type term unmediated
Media type code n
Source rdamedia
338 ## - CARRIER TYPE
Carrier type term volume
Carrier type code nc
Source rdacarrier
504 ## - BIBLIOGRAPHY, ETC. NOTE
Bibliography, etc Includes bibliographical references (p. 315-319)
650 #0 - SUBJECT ADDED ENTRY--TOPICAL TERM
Topical term or geographic name as entry element Language arts (Elementary)
Topical term or geographic name as entry element Language arts (Middle school)
Topical term or geographic name as entry element English language
General subdivision Composition and exercises
-- Study and teaching (Elementary)
Topical term or geographic name as entry element English language
General subdivision Composition and exercises
-- Study and teaching (Middle school)
Topical term or geographic name as entry element Exposition (Rhetoric)
General subdivision Study and teaching (Elementary)
Topical term or geographic name as entry element Exposition (Rhetoric)
General subdivision Study and teaching (Middle school)
906 ## - LOCAL DATA ELEMENT F, LDF (RLIN)
a 7
b cbc
c orignew
d 1
e ocip
f 20
g y-gencatlg
942 ## - ADDED ENTRY ELEMENTS (KOHA)
Source of classification or shelving scheme Library of Congress Classification
Koha item type Long Loan Books
Holdings
Withdrawn status Lost status Source of classification or shelving scheme Damaged status Not for loan Collection code Home library Current library Shelving location Date acquired Total Checkouts Full call number Barcode Date last seen Price effective from Koha item type
    Library of Congress Classification     Non-fiction Rongo University Library Rongo University Library General Stacks 18/11/2025   LB1576 .H69 2002 20261030 18/11/2025 18/11/2025 Long Loan Books

© 2026 Rongo University
Contact us: librarian | system librarian | Rongo university